Detalles MARC
| 000 -CABECERA |
| campo de control de longitud fija |
01115nam a2200193 a 4500 |
| 001 - NÚMERO DE CONTROL |
| campo de control |
000046082 |
| 005 - FECHA Y HORA DE LA ÚLTIMA TRANSACCIÓN |
| campo de control |
20201002052627.0 |
| 008 - DATOS DE LONGITUD FIJA--INFORMACIÓN GENERAL |
| campo de control de longitud fija |
150617s2011 dr r 000 0 spa d |
| 020 ## - NÚMERO INTERNACIONAL ESTÁNDAR DEL LIBRO |
| Número Internacional Estándar del Libro |
9789945880823 |
| 040 ## - FUENTE DE LA CATALOGACIÓN |
| Centro catalogador/agencia de origen |
DO-SdBNP |
| Lengua de catalogación |
spa |
| Centro/agencia transcriptor |
BNPHU |
| 082 ## - NÚMERO DE LA CLASIFICACIÓN DECIMAL DEWEY |
| Número de clasificación |
xxxx |
| Número de documento/Ítem |
B333n |
| 100 1# - ENTRADA PRINCIPAL--NOMBRE DE PERSONA |
| Nombre de persona |
Batista Lemaire, Olivier |
| 9 (RLIN) |
43251 |
| 245 10 - MENCIÓN DE TÍTULO |
| Título |
Noche desvaída sobre una parada de autobús : |
| Resto del título |
y otras obras de teatro / |
| Mención de responsabilidad, etc. |
Oliver Batista Lemaire ; edición Vivian Lechuga. |
| 260 ## - PUBLICACIÓN, DISTRIBUCIÓN, ETC. |
| Lugar de publicación, distribución, etc. |
Santo Domingo : |
| Nombre del editor, distribuidor, etc. |
Casa de Teatro, |
| Fecha de publicación, distribución, etc. |
2011. |
| 300 ## - DESCRIPCIÓN FÍSICA |
| Extensión |
263 p. ; |
| Dimensiones |
23 cm. |
| 505 0# - NOTA DE CONTENIDO CON FORMATO |
| Información miscelánea |
Primer premio -- |
| Título |
Noche desvaída sobre una parada de autobús / |
| Mención de responsabilidad |
Oliver Batista Lemaire |
| Información miscelánea |
Segundo premio -- |
| Título |
Medea Argos Estigma (manuscrito antes de Eurípides) |
| Mención de responsabilidad |
Roberto Viña Martínez / |
| Información miscelánea |
Tercer premio -- |
| Título |
La capitana / |
| Mención de responsabilidad |
Richarson Antonio Díaz Rodríguez -- |
| Información miscelánea |
Primera mención -- |
| Título |
Testigos oculares / |
| Mención de responsabilidad |
Francisco de la Cruz Mejía |
| Información miscelánea |
Segunda mención -- |
| Título |
Los cojones de la violencia / |
| Mención de responsabilidad |
Bolívar Mejía -- |
| Información miscelánea |
Tercera mención -- |
| Título |
Conquista / |
| Mención de responsabilidad |
Miguel Sabido. |
| 586 ## - NOTA DE PREMIOS |
| Nota de premios |
Premio internacional de teatro, casa de teatro 2011 |
| 700 12 - PUNTO DE ACCESO ADICIONAL--NOMBRE DE PERSONA |
| Nombre de persona |
Lechuga, Vivian, |
| Término indicativo de función/relación |
ed. |
| 9 (RLIN) |
10977 |